000
00324 a2200157 4500
001
56817
020
_a
8570565690
040
_c
Anchieta - Pituba
100
_a
Góes, Lúcia Pimentel
240
1
0
_a
Vínculos
_l
por
245
1
0
_a
Vínculos
300
_a
92
362
0
_a
1993
650
4
_a
Literatura juvenil
942
_c
BK
999
_c
56817
_d
56817